[Event "Knightworm78 team tourney"]
[Site "SchemingMind.com"]
[Date "2014.12.06"]
[Round "-"]
[White "ray winteringham"]
[Black "Chessibelle"]
[Result "1-0"]
[WhiteCountry "ENG"]
[BlackCountry "ENG"]
[WhiteElo "1525"]
[WhiteRD "50"]
[BlackElo "1212"]
[BlackRD "55"]
[GameID "370758"]

1. e4 e5 2. Nf3 Nc6 3. Bb5 Qf6 4. d3 Bc5 5. O-O Nge7 6. Bg5 Qe6 7. Nbd2 h6 8. Bh4 d6 9. Bxc6+ Nxc6 10. c4 O-O
11. a3 Qe8 12. b4 Bd4 13. Nxd4 Nxd4 14. a4 g5 15. Bg3 Qe7 16. b5 b6 17. f3 f6 18. a5 Bd7 19. a6 c6 20. Nb3 c5
21. Nxd4 cxd4 22. Bf2 h5 23. h3 Qh7 24. Bg3 f5 25. Kf2 Qh6 26. Ke2 g4 27. Rh1 Qe3+ 28. Kf1 Qg5 29. Kf2 h4 30. f4 exf4
31. Bxh4 Qxh4+ 32. Kg1 Qg3 33. h4 Qe3+ 34. Kf1 g3 35. Qe2 Rf6 36. h5 Kg7 37. exf5 Bxf5 38. Ke1 Bg4 39. Qxe3 fxe3 40. Rh4 Bf5
41. Rxd4 Bd7 42. Ke2 Bg4+ 43. Rxg4+ Kh6 44. Rxg3 Re8 45. Re1 Rf2+ 46. Kd1 Rd2+ 47. Kc1 Rxd3 48. Kc2 Rd2+ 49. Kc3 Rf2 50. Rexe3 Ref8
51. Re6+ Kxh5 52. Re7 Kh4 53. Rg6 R8f5 54. Rh7+ Rh5 55. Rxa7 Rf4 56. g3+
1-0

[Event "Knightworm78 team tourney"]
[Site "SchemingMind.com"]
[Date "2014.12.06"]
[Round "-"]
[White "Chessibelle"]
[Black "ray winteringham"]
[Result "0-1"]
[WhiteCountry "ENG"]
[BlackCountry "ENG"]
[WhiteElo "1212"]
[WhiteRD "55"]
[BlackElo "1525"]
[BlackRD "50"]
[GameID "370759"]

1. Nf3 d5 2. d4 e6 3. Bd2 Bd6 4. g3 Nf6 5. Nc3 O-O 6. e3 c5 7. Bg2 c4 8. b3 b5 9. Nxb5 cxb3 10. cxb3 h6
11. O-O Ba6 12. Qe2 Ne4 13. Be1 Nc6 14. a3 Rb8 15. Nxd6 Bxe2
0-1

[Event "Knightworm78 team tourney"]
[Site "SchemingMind.com"]
[Date "2014.12.07"]
[Round "-"]
[White "spoke"]
[Black "ray winteringham"]
[Result "1-0"]
[WhiteCountry "GER"]
[BlackCountry "ENG"]
[WhiteElo "1831"]
[WhiteRD "70"]
[BlackElo "1525"]
[BlackRD "50"]
[GameID "370820"]

1. e4 e5 2. Nf3 Nf6 3. Nc3 Nc6 4. Bb5 d6 5. d4 exd4 6. Qxd4 Bd7 7. Bxc6 Bxc6 8. Nd5 Be7 9. O-O h6 10. c4 O-O
11. Re1 b6 12. b4 Bb7 13. Bf4 c6 14. Nxe7+ Qxe7 15. Bxd6 Qd8 16. Bxf8 Kxf8 17. Qe3 Kg8 18. e5 Nh7 19. Rad1 Qe7 20. e6 fxe6
21. Qxe6+ Qxe6 22. Rxe6 c5 23. Nh4 cxb4 24. Re7 Bc6 25. Nf5 g6 26. Nxh6+ Kh8 27. Rc7 Ba4 28. Re1 Bc2 29. Ree7 g5 30. g4 Nf6
31. Rf7 Nh7 32. Nf5 Bxf5 33. gxf5 g4 34. Rxh7+
1-0

[Event "Knightworm78 team tourney"]
[Site "SchemingMind.com"]
[Date "2014.12.07"]
[Round "-"]
[White "ray winteringham"]
[Black "spoke"]
[Result "0-1"]
[WhiteCountry "ENG"]
[BlackCountry "GER"]
[WhiteElo "1525"]
[WhiteRD "50"]
[BlackElo "1831"]
[BlackRD "70"]
[GameID "370821"]

1. d4 e6 2. e4 d5 3. exd5 exd5 4. Nf3 Bd6 5. Be2 Nc6 6. Be3 Nf6 7. O-O O-O 8. Nbd2 Bg4 9. h3 Bh5 10. b3 Ne4
11. Nxe4 dxe4 12. Nd2 Bxe2 13. Qxe2 f5 14. f4 Bb4 15. Qc4+ Kh8 16. d5 Bxd2 17. Bxd2 Ne7 18. Bc3 Nxd5 19. Qd4 Nxc3 20. Qxc3 c6
21. Rad1 Qc7 22. Rd2 Rad8 23. Rxd8 Rxd8 24. Qe3 c5 25. c4 Rd3 26. Qc1 Qd6 27. Kh2 Rd2 28. Re1 Qxf4+ 29. Kg1 Qf2+
0-1

[Event "Knightworm78 team tourney"]
[Site "SchemingMind.com"]
[Date "2014.12.08"]
[Round "-"]
[White "spoke"]
[Black "Chessibelle"]
[Result "1-0"]
[WhiteCountry "GER"]
[BlackCountry "ENG"]
[WhiteElo "1831"]
[WhiteRD "70"]
[BlackElo "1212"]
[BlackRD "55"]
[GameID "370822"]

1. e4 e5 2. Nf3 Nc6 3. Bc4 h6 4. d4 Bb4+ 5. c3 Bd6 6. d5 Nce7 7. Bd3 Nf6 8. Bd2 Nh5 9. Nxe5 Nf6 10. Nf3 c6
11. e5 Bc7 12. d6 Bb6 13. exf6 gxf6 14. dxe7 Qc7 15. Qe2 d5 16. Be3 Be6 17. Bxb6 Qxe7 18. Ba5 f5 19. Ne5 b6 20. Nxc6 Qg5
21. Nd2 Qxg2 22. O-O-O Qg5 23. Rhg1 Qf6 24. Bb4 Kd7 25. Bb5 Kc7 26. Be7
1-0

[Event "Knightworm78 team tourney"]
[Site "SchemingMind.com"]
[Date "2014.12.08"]
[Round "-"]
[White "Chessibelle"]
[Black "spoke"]
[Result "0-1"]
[WhiteCountry "ENG"]
[BlackCountry "GER"]
[WhiteElo "1212"]
[WhiteRD "55"]
[BlackElo "1831"]
[BlackRD "70"]
[GameID "370823"]

1. Nf3 d5 2. d4 Nf6 3. Nc3 Bg4 4. e3 Nbd7 5. b4 e5 6. Be2 e4 7. Ne5 Bxe2 8. Nxe2 Bxb4+ 9. c3 Bd6 10. g3 Bxe5
11. dxe5 Nxe5 12. Qa4+ c6 13. Nd4 O-O 14. Qd1 c5 15. Ne2 Nf3+ 16. Kf1 Ng4 17. Kg2 a5 18. h3 Nge5 19. Nf4 d4 20. Qa4 f5
21. Qb5 b6 22. g4 d3 23. Rd1 fxg4 24. Ba3 gxh3+ 25. Kh1 Qh4 26. Qb1 Qxf2
0-1

[Event "Knightworm78 team tourney"]
[Site "SchemingMind.com"]
[Date "2014.12.08"]
[Round "-"]
[White "spoke"]
[Black "capablanca"]
[Result "1-0"]
[WhiteCountry "GER"]
[BlackCountry "GER"]
[WhiteElo "1811"]
[WhiteRD "66"]
[BlackElo "1726"]
[BlackRD "58"]
[GameID "370825"]

1. g4 e5 2. Bg2 d5 3. e4 dxe4 4. Bxe4 Nf6 5. Bf5 g6 6. Bxc8 Qxc8 7. h3 h5 8. g5 Nd5 9. d3 Bc5 10. Qf3 Qd7
11. Nc3 c6 12. Be3 Bxe3 13. Nxd5 Qxd5 14. fxe3 Qxf3 15. Nxf3 Nd7 16. O-O-O O-O 17. e4 Rad8 18. Nd2 Nc5 19. Nc4 Ne6 20. h4 Nd4
21. Nxe5 Rfe8 22. Nc4 Ne6 23. Rhf1 Nd4 24. Rf6 Re6 25. Rdf1 Rxf6 26. Rxf6 Ne2+ 27. Kd2 Ng3 28. Ke3 Nf1+ 29. Rxf1
1-0

[Event "Knightworm78 team tourney"]
[Site "SchemingMind.com"]
[Date "2014.12.08"]
[Round "-"]
[White "capablanca"]
[Black "spoke"]
[Result "0-1"]
[WhiteCountry "GER"]
[BlackCountry "GER"]
[WhiteElo "1726"]
[WhiteRD "58"]
[BlackElo "1811"]
[BlackRD "66"]
[GameID "370826"]

1. e4 e5 2. Nf3 Nc6 3. Bb5 Bb4 4. O-O Nge7 5. a3 Ba5 6. b4 Bb6 7. Bb2 d6 8. d3 O-O 9. Nc3 a6 10. Ba4 Bg4
11. h3 Bh5 12. Nd5 Nxd5 13. exd5 Nd4 14. Bxd4 Bxd4 15. Rb1 Ba7 16. c4 f5 17. Qe2 Qe7 18. Bd1 e4 19. dxe4 fxe4 20. Qe1 Rae8
21. Nd2 Bxd1 22. Qxd1 e3 23. fxe3 Qxe3+ 24. Kh1 Rxf1+
0-1

[Event "Knightworm78 team tourney"]
[Site "SchemingMind.com"]
[Date "2014.12.07"]
[Round "-"]
[White "capablanca"]
[Black "ray winteringham"]
[Result "1-0"]
[WhiteCountry "GER"]
[BlackCountry "ENG"]
[WhiteElo "1726"]
[WhiteRD "58"]
[BlackElo "1478"]
[BlackRD "50"]
[GameID "370827"]

1. d4 d5 2. c4 Bf5 3. cxd5 Qxd5 4. Nc3 Qd7 5. e4 Bg6 6. Nf3 a6 7. Bd3 e6 8. Ne5 Qd8 9. Nxg6 fxg6 10. Be3 c6
11. O-O Bd6 12. Rc1 Qc7 13. e5 Bb4 14. a3 Bxc3 15. Rxc3 Nd7 16. Qg4 Nf8 17. b4 O-O-O 18. Rfc1 Kb8 19. b5 Qa5 20. bxa6 bxa6
21. Rxc6 Ne7 22. Rb1+ Ka7 23. d5+ Ka8 24. Rxa6+ Qxa6 25. Bxa6 Rxd5 26. Bb7+ Kb8 27. Bxd5+ Kc8 28. Qc4+ Kd8 29. Rb8+ Kd7 30. Qb5+
1-0

[Event "Knightworm78 team tourney"]
[Site "SchemingMind.com"]
[Date "2014.12.07"]
[Round "-"]
[White "ray winteringham"]
[Black "capablanca"]
[Result "0-1"]
[WhiteCountry "ENG"]
[BlackCountry "GER"]
[WhiteElo "1478"]
[WhiteRD "50"]
[BlackElo "1726"]
[BlackRD "58"]
[GameID "370828"]

1. e4 e5 2. Nf3 Nc6 3. Bc4 Bc5 4. d3 d6 5. Bg5 Nf6 6. Nc3 Be6 7. h3 h6 8. Be3 Bxc4 9. dxc4 Bb4 10. Bd2 Bxc3
11. Bxc3 Nxe4 12. Bd2 Nxd2 13. Qxd2 O-O 14. O-O-O Qf6 15. a3 e4 16. Nd4 Nxd4 17. Qxd4 Qxd4 18. Rxd4 Rfe8 19. Re1 f5 20. Rdd1 Re5
21. b3 Rae8 22. f3 exf3 23. Rxe5 Rxe5 24. gxf3 Re2 25. Rd2 Rxd2 26. Kxd2 Kf7 27. Ke3 g5 28. f4 Kf6 29. fxg5+ Kxg5 30. Kf3 Kh4
31. Kf4 Kxh3 32. Kxf5 h5 33. Kf4 Kg2 34. Kg5 Kf3 35. Kxh5 Ke3 36. Kg4 Kd2 37. Kf4 Kxc2 38. Ke4 Kxb3 39. Kd5 c6+ 40. Kxd6 Kxc4
41. Kc7 Kb3 42. Kxb7 c5
0-1

[Event "Knightworm78 team tourney"]
[Site "SchemingMind.com"]
[Date "2014.12.07"]
[Round "-"]
[White "capablanca"]
[Black "Chessibelle"]
[Result "1-0"]
[WhiteCountry "GER"]
[BlackCountry "ENG"]
[WhiteElo "1726"]
[WhiteRD "58"]
[BlackElo "1238"]
[BlackRD "57"]
[GameID "370829"]

1. d4 d5 2. Nf3 Nf6 3. Nc3 e6 4. Bg5 Be7 5. e3 h6 6. Bh4 Nc6 7. a3 O-O 8. Be2 Bd6 9. O-O Be7 10. Bg3 Re8
11. Nb5 Rb8 12. Bxc7 Qd7 13. Bxb8 Nxb8 14. Nxa7 Nc6 15. Nxc8 Qxc8 16. Bb5 Nh5 17. Bxc6 Qxc6 18. Ne5 Qc7 19. Qxh5 Rf8 20. c3 Bf6
21. a4 Qb6 22. Nd7 Qd8 23. Nxf8 Kxf8 24. a5 Qe8 25. a6 bxa6 26. Rxa6 Bd8 27. b4 Qd7 28. Rfa1 Ke7 29. Ra7 Bc7 30. Qd1 Kf6
31. Qa4 Qd6 32. Rxc7 Qxc7 33. Qb3 g5 34. b5 g4 35. b6 Qd6 36. b7
1-0

[Event "Knightworm78 team tourney"]
[Site "SchemingMind.com"]
[Date "2014.12.07"]
[Round "-"]
[White "Chessibelle"]
[Black "capablanca"]
[Result "0-1"]
[WhiteCountry "ENG"]
[BlackCountry "GER"]
[WhiteElo "1212"]
[WhiteRD "55"]
[BlackElo "1707"]
[BlackRD "63"]
[GameID "370830"]

1. Nf3 Nf6 2. d4 d5 3. Nc3 e6 4. e3 c5 5. Bb5+ Bd7 6. Bd3 cxd4 7. Nxd4 a6 8. g3 Nc6 9. O-O b5 10. a3 Bc5
11. e4 Bxd4 12. Qd2 dxe4 13. Nxe4 Nxe4 14. Bxe4 Rc8 15. b4 O-O 16. Qf4 Bxa1 17. Qh4 Qxh4 18. gxh4 Ne5 19. Bf4 Bc3 20. Be3 Bc6
21. Bg2 Bxg2 22. Kxg2 Ng4 23. Bf4 Be5 24. Bg5 h6 25. Bd2 Rxc2 26. Be1 Ne3+ 27. Kg1 Bxh2+ 28. Kxh2 Nxf1+
0-1

[Event "Knightworm78 team tourney"]
[Site "SchemingMind.com"]
[Date "2014.12.07"]
[Round "-"]
[White "spoke"]
[Black "wight knight"]
[Result "1-0"]
[WhiteCountry "GER"]
[BlackCountry "ENG"]
[WhiteElo "1831"]
[WhiteRD "70"]
[BlackElo "1389"]
[BlackRD "57"]
[GameID "370832"]

1. e4 e5 2. Nf3 f6 3. Nxe5 Qe7 4. Nf3 Qxe4+ 5. Qe2 Qxe2+ 6. Bxe2 d5 7. d4 Bg4 8. Bf4 Bxf3 9. Bxf3 c6 10. O-O g6
11. Re1+ Ne7 12. Nc3 g5 13. Bd6 Kd7 14. Bxe7 Bxe7 15. Bg4+ Kd8 16. Re6 h5 17. Bf5 Nd7 18. Rae1 Bb4 19. a3 Bxc3 20. bxc3 Kc7
21. Re7 Rad8 22. Rf7 Kc8 23. Ree7 Rhe8 24. Bxd7+ Rxd7 25. Rxe8+ Kc7 26. Ree7 Kd6 27. Rxd7+
1-0

[Event "Knightworm78 team tourney"]
[Site "SchemingMind.com"]
[Date "2014.12.07"]
[Round "-"]
[White "wight knight"]
[Black "spoke"]
[Result "0-1"]
[WhiteCountry "ENG"]
[BlackCountry "GER"]
[WhiteElo "1389"]
[WhiteRD "57"]
[BlackElo "1831"]
[BlackRD "70"]
[GameID "370833"]

1. e4 e5 2. Bc4 Nf6 3. f3 Bc5 4. d3 d5 5. exd5 Nxd5 6. Qe2 O-O 7. Qxe5 Re8 8. f4 Rxe5+ 9. fxe5 Nc6 10. Bxd5 Qxd5
11. Nf3 Bg4 12. h3 Bxf3 13. gxf3 Nd4 14. Kd2 Qxf3 15. Re1 Qf2+ 16. Kc3 Qxc2#
0-1

[Event "Knightworm78 team tourney"]
[Site "SchemingMind.com"]
[Date "2014.12.07"]
[Round "-"]
[White "capablanca"]
[Black "wight knight"]
[Result "1-0"]
[WhiteCountry "GER"]
[BlackCountry "ENG"]
[WhiteElo "1707"]
[WhiteRD "63"]
[BlackElo "1389"]
[BlackRD "57"]
[GameID "370834"]

1. d4 d5 2. c4 dxc4 3. Nc3 Bf5 4. e4 Bg6 5. Bxc4 e6 6. Nf3 c6 7. Ne5 Bd6 8. Nxg6 hxg6 9. e5 Bb4 10. O-O Bxc3
11. bxc3 b5 12. Bb3 Qh4 13. h3 f6 14. Bxe6 fxe5 15. dxe5 Nd7 16. Qxd7+ Kf8 17. Qf7#
1-0

[Event "Knightworm78 team tourney"]
[Site "SchemingMind.com"]
[Date "2014.12.07"]
[Round "-"]
[White "wight knight"]
[Black "capablanca"]
[Result "0-1"]
[WhiteCountry "ENG"]
[BlackCountry "GER"]
[WhiteElo "1389"]
[WhiteRD "59"]
[BlackElo "1726"]
[BlackRD "58"]
[GameID "370835"]

1. e4 d5 2. e5 c5 3. Bb5+ Bd7 4. Bxd7+ Qxd7 5. f4 e6 6. Nf3 Nc6 7. c3 c4 8. b3 cxb3 9. Qxb3 Nge7 10. d4 Nf5
11. O-O Na5 12. Qd1 Nc4 13. Re1 Ne7 14. Na3 Nc6 15. Nxc4 dxc4 16. Nd2 Be7 17. Nxc4 O-O 18. Re3 b5 19. Nd6 Bxd6 20. exd6 Qxd6
21. g3 Rfd8 22. h4 b4 23. cxb4 Qxd4 24. Qxd4 Rxd4 25. a3 Rd1+ 26. Kf2 Nd4 27. Rc3 h6 28. Ra2 Rh1 29. Be3 Rh2+ 30. Kg1 Nf3+
31. Kf1 Rxa2 32. Bc5 Rd8 33. Rc1 Rdd2 34. Be3 Rh2 35. Rc8+ Kh7 36. Bd4 Rh1+ 37. Bg1 Rxg1#
0-1

[Event "Knightworm78 team tourney"]
[Site "SchemingMind.com"]
[Date "2014.12.07"]
[Round "-"]
[White "ray winteringham"]
[Black "wight knight"]
[Result "1-0"]
[WhiteCountry "ENG"]
[BlackCountry "ENG"]
[WhiteElo "1525"]
[WhiteRD "50"]
[BlackElo "1389"]
[BlackRD "57"]
[GameID "370836"]

1. e4 e5 2. Nf3 f6 3. Bc4 Bc5 4. O-O d6 5. Bxg8 Rxg8 6. d3 Bg4 7. h3 Bxf3 8. Qxf3 g6 9. Nc3 Nc6 10. Nd5 Nb4
11. Nxf6+ Ke7 12. Nxg8+ Qxg8 13. Bg5+ Kd7 14. Qg4+ Kc6 15. Rfc1 Nxa2 16. Rf1 Nb4 17. Kh1 Rf8 18. Qd1 d5 19. c3 Na6 20. b4 Bxf2
21. Qb3 Kb6 22. Rxf2 Rxf2 23. Be3+ Kc6 24. Bxf2 Qa8 25. b5+ Kd7 26. Qxd5+ Ke7 27. Qxe5+ Kf7 28. Qd5+ Kg7 29. Rxa6 c6 30. Qd7+ Kh6
31. Rxa7 Qf8 32. Be3+ g5 33. Rxb7 Qg8 34. g4 Qg6 35. h4 cxb5 36. Bxg5+ Qxg5 37. Qxh7#
1-0

[Event "Knightworm78 team tourney"]
[Site "SchemingMind.com"]
[Date "2014.12.07"]
[Round "-"]
[White "wight knight"]
[Black "ray winteringham"]
[Result "0-1"]
[WhiteCountry "ENG"]
[BlackCountry "ENG"]
[WhiteElo "1389"]
[WhiteRD "57"]
[BlackElo "1525"]
[BlackRD "50"]
[GameID "370837"]

1. e4 e5 2. Bc4 g6 3. d3 Bg7 4. Nf3 d6 5. Ng5 Be6 6. Bxe6 fxe6 7. Nxe6 Qe7 8. Nxg7+ Qxg7 9. Nc3 Nf6 10. Bg5 O-O
11. Nd5 Nxd5 12. c4 Qf7 13. cxd5 Qxf2#
0-1

[Event "Knightworm78 team tourney"]
[Site "SchemingMind.com"]
[Date "2014.12.07"]
[Round "-"]
[White "Chessibelle"]
[Black "wight knight"]
[Result "0-1"]
[WhiteCountry "ENG"]
[BlackCountry "ENG"]
[WhiteElo "1212"]
[WhiteRD "55"]
[BlackElo "1389"]
[BlackRD "57"]
[GameID "370838"]

1. Nf3 f6 2. d4 d5 3. Nc3 c6 4. e3 Bg4 5. Be2 Bxf3 6. Bxf3 e5 7. a3 e4 8. Bh5+ g6 9. Bg4 f5 10. Be2 Nf6
11. f3 exf3 12. Bxf3 Nbd7 13. b4 h5 14. g3 h4 15. Qd3 hxg3 16. hxg3 Rxh1+ 17. Bxh1 Ng4 18. Bd2 Nh2 19. O-O-O Ng4 20. Rf1 b5
21. Ne2 Ndf6 22. Qc3 Rc8 23. Qb3 Ne4 24. a4 Nxd2 25. Qd3 Nxf1 26. Bf3 Bxb4 27. Qd1 Nfxe3 28. Qh1 bxa4 29. Qh8+ Kd7 30. Qg7+ Be7
31. Qxg6 Qh8 32. Qf7 Qh6 33. Kd2 Nc4+ 34. Kd3 Qd2#
0-1

[Event "Knightworm78 team tourney"]
[Site "SchemingMind.com"]
[Date "2014.12.06"]
[Round "-"]
[White "wight knight"]
[Black "Chessibelle"]
[Result "1-0"]
[WhiteCountry "ENG"]
[BlackCountry "ENG"]
[WhiteElo "1389"]
[WhiteRD "57"]
[BlackElo "1212"]
[BlackRD "55"]
[GameID "370839"]

1. e4 e5 2. Bc4 Nf6 3. f3 Nc6 4. c3 d5 5. exd5 Nxd5 6. Bxd5 Qxd5 7. Qb3 Qd6 8. Nh3 Be7 9. d4 Qg6 10. g4 Qd3
11. Ng5 O-O 12. Qd1 Qg6 13. h4 h5 14. gxh5 Qxh5 15. f4 Bg4 16. Qd3 g6 17. fxe5 f6 18. Ne6 Rfc8 19. Nf4 Qh6 20. Na3 Qf8
21. Rg1 f5 22. Nxg6 Qf7 23. Nf4 Bxh4+ 24. Kd2 Kf8 25. e6 Qf6 26. Qe3 Re8 27. Nd5 Qd8 28. Qh6+ Kg8 29. Nb5 Qxd5 30. Nxc7 Qf3
31. Rxg4+ Qxg4 32. Nxa8 Qg2+ 33. Kd3 Na5 34. Qxh4 Qf3+ 35. Be3 Rxe6 36. Qd8+ Kf7 37. Qxa5 Qxe3+ 38. Kc4 Rc6+ 39. Kb3 Qe6+ 40. d5 Qc8
41. dxc6 Qe6+ 42. c4 f4 43. Qc7+ Kg8 44. Rg1+
1-0

[Event "Knightworm78 team tourney"]
[Site "SchemingMind.com"]
[Date "2014.12.09"]
[Round "-"]
[White "spoke"]
[Black "kenneth m day"]
[Result "0-1"]
[WhiteCountry "GER"]
[BlackCountry "USA"]
[WhiteElo "1831"]
[WhiteRD "70"]
[BlackElo "1712"]
[BlackRD "48"]
[GameID "370840"]

1. g4 d5 2. Bg2 e5 3. c4 Bxg4 4. Bxd5 c6 5. Bg2 Nf6 6. Nf3 Nbd7 7. b3 Bb4 8. a3 Be7 9. Bb2 O-O 10. Nxe5 Nxe5
11. Bxe5 Re8 12. O-O Bc5 13. d4 Bxe2 14. Qd2 Bxf1 15. Bxf6 Qxf6
0-1

[Event "Knightworm78 team tourney"]
[Site "SchemingMind.com"]
[Date "2014.12.08"]
[Round "-"]
[White "kenneth m day"]
[Black "spoke"]
[Result "0-1"]
[WhiteCountry "USA"]
[BlackCountry "GER"]
[WhiteElo "1691"]
[WhiteRD "48"]
[BlackElo "1811"]
[BlackRD "66"]
[GameID "370841"]

1. e4 e5 2. f4 d5 3. exd5 e4 4. d3 Nf6 5. dxe4 Nxe4 6. Nf3 Bc5 7. Qe2 Bf5 8. Be3 Bxe3 9. Qxe3 O-O 10. Bd3 Qxd5
11. O-O Nc6 12. c4 Qe6 13. Nbd2 Rfe8 14. Rfe1 Nxd2 15. Qxd2 Qf6 16. Ne5 Bxd3 17. Nxd3 Rxe1+ 18. Rxe1 Qd4+ 19. Kf1 Rd8 20. Rd1 Qxc4
21. b3 Qb5 22. Qe2 g6 23. Rd2 Nd4 24. Qe3 Nf5 25. Qe2 Re8 26. Ne5 Qxe2+ 27. Rxe2 f6 28. Nf3 Ne3+ 29. Kf2 Nd1+ 30. Ke1 Rxe2+
31. Kxe2 Nc3+ 32. Kd3 Nxa2 33. Nd4 Nb4+ 34. Kc4 a5 35. g3 Kf7 36. Nb5 Na6 37. h3 Ke6 38. Kd4 c6 39. Nc3 b5 40. g4 f5
41. g5 Kd6 42. Kd3 Kc5
0-1

[Event "Knightworm78 team tourney"]
[Site "SchemingMind.com"]
[Date "2014.12.07"]
[Round "-"]
[White "capablanca"]
[Black "kenneth m day"]
[Result "0-1"]
[WhiteCountry "GER"]
[BlackCountry "USA"]
[WhiteElo "1707"]
[WhiteRD "63"]
[BlackElo "1712"]
[BlackRD "48"]
[GameID "370842"]

1. d4 Nf6 2. c4 e5 3. dxe5 Ng4 4. Nf3 Nc6 5. Bf4 Bb4+ 6. Nbd2 Ngxe5 7. Nxe5 Qf6 8. Nxc6 dxc6 9. a3 Bc5 10. Bxc7 Qxf2#
0-1

[Event "Knightworm78 team tourney"]
[Site "SchemingMind.com"]
[Date "2014.12.07"]
[Round "-"]
[White "kenneth m day"]
[Black "capablanca"]
[Result "0-1"]
[WhiteCountry "USA"]
[BlackCountry "GER"]
[WhiteElo "1691"]
[WhiteRD "48"]
[BlackElo "1726"]
[BlackRD "58"]
[GameID "370843"]

1. e4 e5 2. f4 exf4 3. Nf3 Nf6 4. e5 Nd5 5. Nc3 Nxc3 6. dxc3 Nc6 7. Bxf4 b6 8. Qd5 Bb7 9. O-O-O Na5 10. Qd3 Be7
11. Be2 O-O 12. Qxd7 Qxd7 13. Rxd7 Bd8 14. Rhd1 Bc6 15. R7d4 Be7 16. Bg5 Bxf3 17. Bxf3 Bxg5+ 18. Kb1 Rad8 19. b4 Rxd4 20. cxd4 Nc4
21. Bd5 Ne3
0-1

[Event "Knightworm78 team tourney"]
[Site "SchemingMind.com"]
[Date "2014.12.07"]
[Round "-"]
[White "kenneth m day"]
[Black "ray winteringham"]
[Result "1-0"]
[WhiteCountry "USA"]
[BlackCountry "ENG"]
[WhiteElo "1712"]
[WhiteRD "48"]
[BlackElo "1525"]
[BlackRD "50"]
[GameID "370844"]

1. e4 e5 2. f4 exf4 3. Nf3 Bc5 4. d4 Bb6 5. Bxf4 d6 6. Nc3 Ne7 7. Bc4 Bg4 8. O-O O-O 9. Qd3 Ng6 10. Bg5 Qd7
11. Nd5 Nc6 12. c3 f6 13. Nxf6+
1-0

[Event "Knightworm78 team tourney"]
[Site "SchemingMind.com"]
[Date "2014.12.07"]
[Round "-"]
[White "ray winteringham"]
[Black "kenneth m day"]
[Result "0-1"]
[WhiteCountry "ENG"]
[BlackCountry "USA"]
[WhiteElo "1478"]
[WhiteRD "50"]
[BlackElo "1691"]
[BlackRD "48"]
[GameID "370845"]

1. e4 e5 2. Nf3 Nc6 3. Bc4 Nf6 4. d3 Bc5 5. h3 O-O 6. O-O d6 7. Bg5 h6 8. Be3 Bxe3 9. fxe3 Na5 10. Nbd2 Nxc4
11. dxc4 Be6 12. b3 Qd7 13. Qe1 Qc6 14. Nh4 Nxe4 15. Nhf3 f5 16. Nh4 Rf6 17. a4 g5 18. Nhf3 g4 19. hxg4 fxg4 20. Nh4 Rxf1+
21. Nxf1 Rf8 22. Ng3 Ng5 23. Ng6 Rf7 24. Nh5 Kh7 25. Nh4 Qe4 26. Rc1 Bd7 27. Qe2 g3 28. Rf1 Qxh4 29. Qd3+ e4 30. Rxf7+ Nxf7
31. Qxe4+ Qxe4 32. Nf6+ Kg6 33. Nxe4 Bf5 34. Nxg3 Bxc2 35. b4 Bxa4 36. Ne4 Ne5 37. Nd2 Bc2 38. Kf2 Bd3 39. c5 d5 40. Nb3 Bc4
41. Nd2 Bb5 42. e4 d4 43. Kg3 Nd3 44. Nb3 Nxb4 45. Nxd4 Bc4 46. Kf4 a5 47. e5 a4 48. e6 Kf6 49. Ke4 a3
0-1

[Event "Knightworm78 team tourney"]
[Site "SchemingMind.com"]
[Date "2014.12.06"]
[Round "-"]
[White "kenneth m day"]
[Black "Chessibelle"]
[Result "1-0"]
[WhiteCountry "USA"]
[BlackCountry "ENG"]
[WhiteElo "1712"]
[WhiteRD "48"]
[BlackElo "1212"]
[BlackRD "55"]
[GameID "370846"]

1. e4 e5 2. f4 Nc6 3. Nf3 d6 4. Be2 Nf6 5. Nc3 Be7 6. d3 O-O 7. fxe5 dxe5 8. Bg5 a6 9. Qd2 Nd4 10. Nxe5 c6
11. O-O-O b5 12. Be3 c5 13. Bf3 Qa5 14. Kb1 Be6 15. Nd5 Bd8 16. Qxa5 Bxa5 17. c3 Nxf3 18. Nxf6+ gxf6 19. Nxf3 Rfc8 20. Rhf1 Rd8
21. Bxc5 f5 22. e5 Rac8 23. d4 Bc7 24. Be7 Re8 25. Bf6 Bb6 26. Ng5 Bd5 27. Rxf5 Bxg2 28. Rg1 Bd5 29. Rf4 a5 30. Rh4 Kf8
31. Rxh7 Rc6 32. Rh8#
1-0

[Event "Knightworm78 team tourney"]
[Site "SchemingMind.com"]
[Date "2014.12.06"]
[Round "-"]
[White "Chessibelle"]
[Black "kenneth m day"]
[Result "0-1"]
[WhiteCountry "ENG"]
[BlackCountry "USA"]
[WhiteElo "1212"]
[WhiteRD "55"]
[BlackElo "1712"]
[BlackRD "48"]
[GameID "370847"]

1. Nf3 d5 2. d4 Nf6 3. e3 Bg4 4. Be2 e6 5. O-O Bd6 6. g3 Bh3 7. Re1 Ng4 8. Nbd2 Nd7 9. Nb3 Qe7 10. c3 Qf6
11. Qd3 h5 12. Qb5 O-O-O 13. Na5 Nb6 14. Nb3 a6 15. Qd3 Nh6 16. e4 dxe4 17. Qxe4 Bf5 18. Qe3 Nd5 19. Qd2 Be4 20. Qd1 Qf5
21. Nh4 Qf6 22. Bxh5 Bg6 23. Bf3 Nf5 24. Ng2 Rh7 25. Qd3 Nxg3 26. Qd2 Nf5 27. Qd3 Nfe3 28. Be4 Nxg2 29. Kxg2 Rxh2+
0-1

[Event "Knightworm78 team tourney"]
[Site "SchemingMind.com"]
[Date "2014.12.06"]
[Round "-"]
[White "kenneth m day"]
[Black "wight knight"]
[Result "1-0"]
[WhiteCountry "USA"]
[BlackCountry "ENG"]
[WhiteElo "1712"]
[WhiteRD "48"]
[BlackElo "1389"]
[BlackRD "57"]
[GameID "370848"]

1. e4 e5 2. f4 Qf6 3. Nf3 Bc5 4. Nc3 exf4 5. d4 Bb4 6. Bd2 Bxc3 7. Bxc3 b6 8. Bc4 Bb7 9. Qd2 Bxe4 10. Qe2 Qe7
11. O-O-O Bxf3 12. Qxf3 c6 13. Rhe1 Qe3+ 14. Rxe3+ fxe3 15. Qxf7+ Kd8 16. Qxg7 d5 17. Bd3 Na6 18. Qxh8 Kc7 19. Bxa6 Re8 20. Qxh7+ Ne7
21. Re1 Kd7 22. Rxe3 b5 23. a4 bxa4 24. Bb4 Kd8 25. Ba5+ Kd7 26. Qh3+ Kd6 27. Qe6#
1-0

[Event "Knightworm78 team tourney"]
[Site "SchemingMind.com"]
[Date "2014.12.06"]
[Round "-"]
[White "wight knight"]
[Black "kenneth m day"]
[Result "0-1"]
[WhiteCountry "ENG"]
[BlackCountry "USA"]
[WhiteElo "1389"]
[WhiteRD "57"]
[BlackElo "1712"]
[BlackRD "48"]
[GameID "370849"]

1. e4 e5 2. Bc4 Nf6 3. f3 Bc5 4. d3 Nc6 5. c3 O-O 6. Bg5 d6 7. Bxf6 Qxf6 8. b4 Be3 9. h4 Qf4 10. Nh3 Qg3+
11. Kf1 Bxh3 12. Qe2 Bxg2+ 13. Qxg2 Qxg2+ 14. Ke1 Qxh1+ 15. Ke2 Qg1 16. Nd2 Qf2+ 17. Kd1 Qxd2#
0-1